Burlao - Bryant Myers - Estadísticas

Estadísticas generales
  • Esta prueba ha sido intentada 26 veces
  • La puntuación promedio es 277 de 459
Estadísticas de respuestas
Letra % Correcto
A-
100%
a
100%
A
100%
aunque
100%
B-
100%
Cabrón,
100%
efe)
100%
efe
100%
el
100%
en
100%
En
100%
falta
100%
L-
100%
la
100%
la'o?
100%
L-A-O
100%
la'o,
100%
la'os,
100%
la'os
100%
me
100%
Me
100%
O,
100%
O)
100%
PR
100%
R-
100%
sobre
100%
to'
100%
U-
100%
(Y
100%
Y
100%
y
100%
cualquier
67%
es
67%
fue)
67%
fue
67%
ha
67%
hace
67%
joseo,
67%
las
67%
llega'o
67%
lo
67%
los
67%
mí,
67%
mi
67%
mil
67%
Millo
67%
mirar
67%
ni
67%
no
67%
No
67%
¿pa'
67%
pa'
67%
Pa'
67%
pa'l
67%
pichar
67%
por
67%
Por
67%
porque
67%
que
67%
qué
67%
se
67%
Se
67%
Si
67%
si
67%
sigo
67%
('Tamo
67%
'Tamo
67%
'tamo
67%
to's
67%
67%
Yeah
67%
Yeah,
67%
(Yo
67%
yo
67%
Yo
67%
115
33%
'16,
33%
16
33%
7'2"
33%
Al
33%
al
33%
anillo'
33%
AP
33%
aprecio
33%
ayudé,
33%
barber
33%
bicho
33%
Black
33%
breve
33%
burla'o,
33%
B-U-R-L-A-O,
33%
Cabrone',
33%
caen
33%
caigo
33%
camino
33%
cepillos
33%
como
33%
Con
33%
con
33%
cora
33%
corillo,
33%
corra,
33%
cosa'
33%
Daddy,
33%
de
33%
deja'o
33%
dejo
33%
den
33%
desde
33%
deseo
33%
día
33%
dice:
33%
ello'
33%
empiezo
33%
enemigo'
33%
ese
33%
eso
33%
están
33%
Esto
33%
estoy
33%
Estoy
33%
exploto
33%
expreso
33%
familia
33%
final,
33%
Flanders,
33%
Friday
33%
fueran
33%
gastando
33%
gente
33%
grande'
33%
he
33%
hecha',
33%
Hicieron
33%
hora,
33%
huella'
33%
hueso'
33%
igual
33%
invicto,
33%
irme
33%
Jordan
33%
kiosco'
33%
le
33%
lealtad
33%
león,
33%
les
33%
Les
33%
llegan
33%
llevo
33%
má'
33%
mal,
33%
mar,
33%
marqué
33%
Marvel
33%
meto
33%
mía
33%
midas
33%
mientra'
33%
Mis
33%
molesta
33%
Na'
33%
nadie
33%
nueve-nueve
33%
nunca
33%
ojos,
33%
par
33%
pararme
33%
parece'
33%
peine'
33%
pela'o
33%
pendiente
33%
Pendiente
33%
pero
33%
peso
33%
peso'
33%
Ponte
33%
Power
33%
precio
33%
preciso
33%
presenta'o,
33%
presión,
33%
preso,
33%
Pro
33%
propio
33%
puede'
33%
puff
33%
Puff
33%
quedan
33%
quiero
33%
ready
33%
recorto,
33%
renta'os
33%
roncan
33%
rosa
33%
sea
33%
sea,
33%
Siento
33%
solo
33%
solo',
33%
son
33%
spray
33%
Stuff
33%
su
33%
Tanta'
33%
te
33%
tengo,
33%
tengo
33%
Tengo
33%
termino
33%
Thanos
33%
ti,
33%
tiene
33%
tienen
33%
tiger
33%
To'a
33%
tocarme
33%
travieso,
33%
tre'
33%
tres
33%
tritura'o
33%
tuve
33%
un
33%
valen
33%
vas
33%
vece'
33%
verme
33%
viernes
33%
viró
33%
vo'a
33%
voy
33%
white
33%
ya
33%
zapato'
33%
5,
0%
brillo,
0%
brinco
0%
este
0%
gané
0%
indictments
0%
Off
0%
piedra'
0%
playoffs
0%
quedo
0%
Retro
0%
rueden
0%
shortie'
0%
Tuff
0%
No se encontraron pruebas coincidentes
Distribución de puntuación
Porcentaje de gente con cada puntuación
Porcentaje por número respondido
Historial de tus puntuaciones
No has intentado esta prueba.